Arte y artistas vascos de los años 30 (Record no. 18790)

MARC details
000 -LEADER
campo de control de longitud fija 00989nam a2200277 i 4500
001 - NÚMERO DE CONTROL
campo de control 18790
003 - IDENTIFICADOR DE NÚMERO DE CONTROL
campo de control ES-MaACL
005 - FECHA Y HORA DE LA ÚLTIMA TRANSACCIÓN
campo de control 20250812070417.0
007 - CAMPO FIJO DE DESCRIPCIÓN FÍSICA--INFORMACIÓN GENERAL
campo de control de longitud fija t|
008 - DATOS DE LONGITUD FIJA--INFORMACIÓN GENERAL
campo de control de longitud fija 020204s1986 sp ||||0| spa j ..|
015 ## - NÚMERO DE BIBLIOGRAFÍA NACIONAL
Número de bibliografía nacional 1988-JUN-9786
016 7# - NÚMERO DE CONTROL DE UNA AGENCIA BIBLIOGRÁFICA NACIONAL
Número de control cancelado/no válido SAB9000016674
040 ## - FUENTE DE CATALOGACIÓN
Centro catalogador/agencia de origen M-BN-DP
Lengua de catalogación spa
Centro/agencia transcriptor M-BN-DP
080 ## - NÚMERO DE LA CLASIFICACIÓN DECIMAL UNIVERSAL
Número de la Clasificación Decimal Universal 7.036(466)(064.3)
245 00 - MENCIÓN DEL TÍTULO
Título Arte y artistas vascos de los años 30
Resto del título : = 30 urtearen hamarkadako euskal artea eta artistak.
260 ## - PUBLICACIÓN, DISTRIBUCIÓN, ETC.
Lugar de publicación, distribución, etc. [San Sebastián :
Nombre del editor, distribuidor, etc. Diputación Foral de Guipúzcoa],
Fecha de publicación, distribución, etc. D.L. 1986.
300 ## - DESCRIPCIÓN FÍSICA
Extensión 351 p :
Otras características físicas il: en col. y n ;
Dimensiones 29 cm.
500 ## - NOTA GENERAL
Nota general Textos en castellano.
500 ## - NOTA GENERAL
Nota general Exposición celebrada en el Museo de San Telmo, del 4 al 31 de octubre de 1986.
650 #4 - PUNTO DE ACCESO ADICIONAL DE MATERIA--TÉRMINO DE MATERIA
Término de materia o nombre geográfico como elemento de entrada Arte-
Subdivisión geográfica País Vasco-
Subdivisión de forma Exposiciones
9 (RLIN) 10326
655 #7 - TERMINO DE INDIZACIÓN--GENERO/FORMA
Fuente del término tgfbne
9 (RLIN) 193628
Datos o término principal de género/forma Catálogos de exposiciones
710 1# - ENTRADA AGREGADA--NOMBRE DE ENTIDAD CORPORATIVA
Nombre de entidad corporativa o nombre de jurisdicción como elemento de entrada Guipúzcoa.
Unidad subordinada Diputación Foral.
9 (RLIN) 4554
852 ## - LOCALIZACIÓN
Ubicación ES-MaACL
Número de control de estantería L-25276
Sublocalización o colección R.130443
942 ## - ELEMENTOS DE ENTRADA SECUNDARIOS (KOHA)
Fuente del sistema de clasificación o colocación Clasificación decimal universal
Holdings
Estatus retirado Estado de pérdida Estado de daño No para préstamo Biblioteca de origen Biblioteca actual Ubicación en estantería Fecha de adquisición Fuente de adquisición Total de préstamos Signatura topográfica completa Código de barras Visto por última vez Precio de reemplazo Tipo de ítem Koha
        Biblioteca del Ateneo de Madrid Biblioteca del Ateneo de Madrid Depósito 2 17/01/2008     L-25276 1019227 23/02/2023 23/02/2023 Libro impreso